000 01774nmm a2200601 a 4500
003 AR-BaBNM
005 20251128210507.0
008 150020s1998 ||||||||||||||000 | spa||
020 _a950-16-3088-9
040 _cAR-BaBNM
111 2 _aCongreso Iberoamericano de Educación
_cBuenos Aires, Argentina
_n1er
_d17-19 nov. 1997
245 1 0 _aLas transformaciones educativas
_btres desafíos : democracia, desarrollo e integración
250 _a1ª ed.
260 _aBuenos Aires
_bOEI
_bTroquel
_c1998
300 0 _a472 p.
_btablas, gráfs.
500 0 _aContiene datos sobre los autores
504 _aContiene bibliografía
610 2 4 _aUnión Europea
650 4 _aPOLITICA EDUCATIVA
650 4 _aPAPEL DE LA ESCUELA
650 4 _aEDUCACION Y DESARROLLO
650 4 _aEDUCACION Y EMPLEO
650 4 _aEDUCACION PERMANENTE
650 4 _aPSICOLOGIA DE LA EDUCACION
650 4 _aCURRICULO
651 4 _aEspaña
651 4 _aChile
651 4 _aBrasil
651 4 _aBolivia
651 4 _aArgentina
651 4 _aAmérica Latina
653 0 _aEDUCACION EN VALORES
653 0 _aTRANSFORMACION EDUCATIVA
653 0 _aMERCOSUR
653 0 _aPLANEAMIENTO EDUCATIVO
700 1 _aFilmus, Daniel
_ecompilador
700 1 _aTorreblanca, José
700 1 _aBonavota, Oscar
700 1 _aDelich, Francisco
700 1 _aMartínez, Miquel
700 1 _aHoyos, Guillermo
700 1 _aTenti Fanfani, Emilio
700 1 _aGil Pérez, Daniel
700 1 _aSerrao, Roberto
700 1 _aPeña, Félix
700 1 _aPiñón, Francisco José
700 1 _aTorres de Romero, Aída
700 1 _aGimeno Sacristán, José
700 1 _aIpiña Melgar, Enrique
700 1 _aCox, Cristián
942 _cBK
998 _cRaquel
999 _c15672
_d15672